Priestorový model duopolu so zásahom regulátora

Model priestorovej konkurencie, v ktorom do rozhodovacieho procesu firiem o ich lokácii vstupuje regulátor ako autorita sledujúca svoje ciele. Model so zásahom regulátora.

Na minha lista:
Detalhes bibliográficos
Autor principal: Čičková, Zuzana, 1978-
Outros Autores: Holzerová, Patrícia, 1995-
Formato: Capítulo de Livro
Idioma:eslovaco
Assuntos:
Tags: Adicionar Tag
Sem tags, seja o primeiro a adicionar uma tag!

MARC

LEADER 00000naa$a2200000$$$4500
001 0280109
005 20240502074339.1
041 0 |a slo 
044 |a SK 
245 1 0 |a Priestorový model duopolu so zásahom regulátora  |c Zuzana Čičková, Patrícia Holzerová 
520 |a Model priestorovej konkurencie, v ktorom do rozhodovacieho procesu firiem o ich lokácii vstupuje regulátor ako autorita sledujúca svoje ciele. Model so zásahom regulátora. 
610 2 0 |a konkurencia 
610 2 0 |a procesy rozhodovacie 
610 2 0 |a dotácie 
100 1 |a Čičková, Zuzana, 1978- 
700 1 |a Holzerová, Patrícia, 1995-